<?xml version="1.0" encoding="UTF-8"?>
<record
    xmlns:xsi="http://www.w3.org/2001/XMLSchema-instance"
    xsi:schemaLocation="http://www.loc.gov/MARC21/slim http://www.loc.gov/standards/marcxml/schema/MARC21slim.xsd"
    xmlns="http://www.loc.gov/MARC21/slim">

  <leader>00643nmm a22001697a 4500</leader>
  <controlfield tag="005">20170208152657.0</controlfield>
  <controlfield tag="008">170208b        sa ||||| |||| 00| 0 spa d</controlfield>
  <datafield tag="020" ind1=" " ind2=" ">
    <subfield code="a">0620259299</subfield>
  </datafield>
  <datafield tag="040" ind1=" " ind2=" ">
    <subfield code="a">CoBoIAvH</subfield>
    <subfield code="c">CoBoIAvH</subfield>
  </datafield>
  <datafield tag="041" ind1=" " ind2=" ">
    <subfield code="a">eng</subfield>
  </datafield>
  <datafield tag="090" ind1=" " ind2=" ">
    <subfield code="a">MM-</subfield>
    <subfield code="b">00380</subfield>
  </datafield>
  <datafield tag="245" ind1="0" ind2="0">
    <subfield code="a">Safrinet: </subfield>
    <subfield code="b">training manual for entomology, arachnology, nematology, micology and phitobacteriology.</subfield>
    <subfield code="c">compilado por Plant Protection Research Institute.</subfield>
  </datafield>
  <datafield tag="260" ind1=" " ind2=" ">
    <subfield code="a">South Africa:</subfield>
    <subfield code="b">Plant Protection Research Institute.</subfield>
    <subfield code="c">2000.</subfield>
  </datafield>
  <datafield tag="300" ind1=" " ind2=" ">
    <subfield code="a">1 CD-Rom</subfield>
    <subfield code="b">Archivo ejecutable + archivos en pdf</subfield>
  </datafield>
  <datafield tag="500" ind1=" " ind2=" ">
    <subfield code="a">Bacterias -- Hongos -- Insectos -- Nemat&#xE9;lidos</subfield>
  </datafield>
  <datafield tag="942" ind1=" " ind2=" ">
    <subfield code="2">z</subfield>
    <subfield code="c">CD-ROM</subfield>
  </datafield>
  <datafield tag="999" ind1=" " ind2=" ">
    <subfield code="c">19314</subfield>
    <subfield code="d">19314</subfield>
  </datafield>
  <datafield tag="952" ind1=" " ind2=" ">
    <subfield code="0">0</subfield>
    <subfield code="1">0</subfield>
    <subfield code="2">z</subfield>
    <subfield code="4">0</subfield>
    <subfield code="7">0</subfield>
    <subfield code="a">Bogota</subfield>
    <subfield code="b">Bogota</subfield>
    <subfield code="d">2017-02-08</subfield>
    <subfield code="l">0</subfield>
    <subfield code="o">MM-00380</subfield>
    <subfield code="p">042443</subfield>
    <subfield code="r">2017-02-08 00:00:00</subfield>
    <subfield code="t">Ej. 1</subfield>
    <subfield code="w">2017-02-08</subfield>
    <subfield code="x">Donacion</subfield>
    <subfield code="y">CD-ROM</subfield>
  </datafield>
</record>
